000 00533nam a2200181 i 4500
001 56292
003 ES-MaACL
005 20230906163326.0
007 t|
008 031007s1957 sp d |||| | spa d
080 _a082.22(038)
245 0 0 _aDiccionario de frases célebres /
_crecopilación y selección por Jorge Sintes Pros.
260 _aBarcelona :
_bSintes,
_c1957 (
_fSoler)
300 _a394 p. ;
_c19 cm.
650 4 _aCitas-
_vDiccionarios.
_911062
700 1 _aSintes Pros, Jorge.
_9106654
852 _aES-MaACL
_jC-18308
999 _c56292
_d56292